000 00202nam a22000857a 4500
008 170626b xxu||||| |||| 00| 0 eng d
100 _93709
_aNCERT
245 _aSocial science on india
260 _bNCERT
_c2007
999 _c7131
_d7131